[Event "Politiken Cup 34th"]
[Site "Helsingor"]
[Date "2012.07.30"]
[Round "4"]
[White "Lie, Terje"]
[Black "Okland, Sveinung"]
[Result "0-1"]
[WhiteElo "1626"]
[BlackElo "1846"]
[PlyCount "176"]
[EventDate "2012.07.28"]
[EventType "swiss"]
[EventRounds "10"]
[EventCountry "DEN"]
[SourceTitle "CBM 149 Extra"]
[Source "ChessBase"]
[SourceDate "2012.08.24"]
[SourceVersion "1"]
[SourceVersionDate "2012.08.24"]
[SourceQuality "1"]

1. d4 d5 2. c4 Nc6 3. cxd5 Qxd5 4. Nf3 e5 5. Nc3 Bb4 6. Bd2 Bxc3 7. Bxc3 e4 8. Ne5 e3 9. fxe3 Nxe5 10. dxe5 Be6 11. Qa4+ c6 12. e4 Qc4 13. Qxc4 Bxc4 14. b3 Be6 15. 0-0-0 Ne7 16. Bb4 Rd8 17. e3 Rxd1+ 18. Kxd1 Ng6 19. Bd6 Kd7 20. Be2 h5 21. Kc2 h4 22. Rd1 Kc8 23. Bc5 Nxe5 24. h3 a6 25. Bd4 f6 26. Bb6 Nd7 27. Bd4 Rh6 28. Rf1 Kc7 29. Rf4 c5 30. Bc3 Ne5 31. Rf2 Kd6 32. a3 Rg6 33. b4 c4 34. a4 b5 35. axb5 axb5 36. Bd4 Rg3 37. Bc5+ Kc6 38. Kc3 Nf7 39. Bd1 Ne5 40. Be2 Nd7 41. Bd4 Rg6 42. Bh5 Rh6 43. Bf3 Ne5 44. Be2 Rh8 45. Rf4 Kd6 46. Bc5+ Kd7 47. Bf1 Ng6 48. Rf2 Rd8 49. Ra2 Ke8 50. Bd4 Ne5 51. Ra7 Rd7 52. Be2 Rxa7 53. Bxa7 Kf7 54. Bb8 Nc6 55. Bd6 g6 56. Bf3 Bd7 57. Bc7 Ne5 58. Be2 Ke6 59. Kd4 Bc6 60. Bf1 Nd7 61. g4 g5 62. Be2 Ne5 63. Bb8 Bb7 64. Bd1 Nc6+ 65. Kc5 Nxb8 66. Kxb5 c3 67. Kc4 Ke5 68. b5 Nd7 69. Kxc3 Kxe4 70. Kd2 Nb6 71. Ke2 Bd5 72. Bc2+ Ke5 73. Kf2 Bc4 74. Bg6 Bxb5 75. Bf5 Bc6 76. Bg6 Be4 77. Be8 Nd5 78. Bd7 Nc3 79. Kf1 Kd5 80. Bc8 Kc4 81. Ba6+ Kb3 82. Ke1 Kc2 83. Bf1 Nd5 84. Kf2 Kd2 85. Bg2 Bxg2 86. Kxg2 Kxe3 87. Kg1 Kf3 88. Kh2 Kf2 0-1

[Event "Politiken Cup 34th"]
[Site "Helsingor"]
[Date "2012.07.29"]
[Round "3"]
[White "Okland, Sveinung"]
[Black "Hagen, Thorolf"]
[Result "1/2-1/2"]
[WhiteElo "1846"]
[BlackElo "1641"]
[PlyCount "90"]
[EventDate "2012.07.28"]
[EventType "swiss"]
[EventRounds "10"]
[EventCountry "DEN"]
[SourceTitle "CBM 149 Extra"]
[Source "ChessBase"]
[SourceDate "2012.08.24"]
[SourceVersion "1"]
[SourceVersionDate "2012.08.24"]
[SourceQuality "1"]

1. d4 Nf6 2. f3 e6 3. Bg5 d5 4. e4 Be7 5. Nc3 c6 6. Qd2 h6 7. Be3 dxe4 8. Nxe4 Nd5 9. 0-0-0 Nxe3 10. Qxe3 Qc7 11. f4 Nd7 12. Nf3 Nf6 13. Nxf6+ Bxf6 14. g4 Bd7 15. Ne5 Bxe5 16. dxe5 Qa5 17. a3 0-0-0 18. Bg2 Kb8 19. h4 Bc8 20. b4 Qc7 21. Qc5 Rhe8 22. Rd6 Qb6 23. Rhd1 Qxc5 24. bxc5 Kc7 25. g5 h5 26. Kb2 Rxd6 27. cxd6+ Kd7 28. Rd4 b5 29. a4 c5 30. Rd1 Ba6 31. Ra1 b4 32. c3 Rb8 33. Re1 bxc3+ 34. Kxc3 Rb4 35. g6 Rxf4 36. gxf7 Rxf7 37. Be4 Rf4 38. Rg1 Rg4 39. Rxg4 hxg4 40. Kd2 Bc4 41. a5 Bd5 42. Bc2 c4 43. Ke3 g3 44. Ke2 g2 45. Kf2 c3 1/2-1/2

[Event "Politiken Cup 33rd"]
[Site "Helsingor"]
[Date "2011.08.06"]
[Round "9"]
[White "Haukenes, Alise"]
[Black "Okland, Sveinung"]
[Result "0-1"]
[WhiteElo "1595"]
[BlackElo "1836"]
[PlyCount "150"]
[EventDate "2011.07.30"]
[EventType "swiss"]
[EventRounds "10"]
[EventCountry "DEN"]
[SourceTitle "CBM 143 Extra"]
[Source "ChessBase"]
[SourceDate "2011.08.29"]
[SourceVersion "1"]
[SourceVersionDate "2011.08.29"]
[SourceQuality "1"]

1. e4 d5 2. exd5 Qxd5 3. Nf3 g6 4. Be2 Bg7 5. 0-0 Nf6 6. d4 c6 7. c4 Qa5 8. Nc3 0-0 9. Be3 Bg4 10. Qd2 Nbd7 11. h3 Bxf3 12. Bxf3 e5 13. d5 cxd5 14. Nxd5 Qxd2 15. Nxf6+ Nxf6 16. Bxd2 e4 17. Be2 Nd7 18. Rab1 b6 19. b3 a5 20. Be3 Nc5 21. Rfd1 Rfd8 22. Rd5 Rxd5 23. cxd5 Bf8 24. Bf4 Nb7 25. Rd1 Bd6 26. Bxd6 Nxd6 27. Rc1 Nf5 28. Kf1 Rd8 29. Rd1 Rd6 30. Bc4 Kg7 31. a4 Ne7 32. Re1 f5 33. f3 Nxd5 34. fxe4 fxe4 35. Rxe4 Rf6+ 36. Ke1 Nf4 37. Re7+ Kh6 38. Bf1 Nd5 39. Re5 Nb4 40. Bc4 Rd6 41. Ke2 Nc6 42. Rd5 Re6+ 43. Kf2 Ne5 44. Bb5 Kg7 45. Kg3 Kf6 46. Rd8 Nf7 47. Rd3 Nd6 48. Bd7 Nf5+ 49. Kf2 Re4 50. Kf3 Ke5 51. Bxf5 gxf5 52. g3 h5 53. Kf2 Rb4 54. Kf3 f4 55. gxf4+ Rxf4+ 56. Ke3 Rh4 57. Kd2 Rb4 58. Kc3 Ke4 59. Rg3 Kf4 60. Rd3 h4 61. Rd6 Kg3 62. Rd3+ Kg2 63. Re3 Rf4 64. Rd3 Rb4 65. Kd2 b5 66. axb5 Rxb5 67. Ke2 Rg5 68. b4 axb4 69. Rd4 Rb5 70. Rxh4 b3 71. Rg4+ Kh2 72. Kf2 b2 73. Rg2+ Kxh3 74. Rg3+ Kh4 75. Kf3 Rb3+ 0-1

[Event "Politiken Cup 33rd"]
[Site "Helsingor"]
[Date "2011.08.05"]
[Round "8"]
[White "Okland, Sveinung"]
[Black "Vesterli, Michael"]
[Result "0-1"]
[WhiteElo "1836"]
[BlackElo "1969"]
[PlyCount "68"]
[EventDate "2011.07.30"]
[EventType "swiss"]
[EventRounds "10"]
[EventCountry "DEN"]
[SourceTitle "CBM 143 Extra"]
[Source "ChessBase"]
[SourceDate "2011.08.29"]
[SourceVersion "1"]
[SourceVersionDate "2011.08.29"]
[SourceQuality "1"]

1. d4 Nf6 2. Bf4 g6 3. e3 Bg7 4. Nf3 0-0 5. Be2 d6 6. 0-0 Nbd7 7. h3 c5 8. c3 a6 9. a4 Rb8 10. Na3 cxd4 11. exd4 Nb6 12. Re1 Bd7 13. a5 Nbd5 14. Bd2 Ne4 15. Bc4 Nxd2 16. Qxd2 Bc6 17. Nc2 e6 18. Bb3 Qf6 19. Qg5 Nf4 20. d5 Nxd5 21. Qxf6 Bxf6 22. Rad1 Rfd8 23. Ncd4 Ne7 24. Nxe6 fxe6 25. Rxe6 Kg7 26. Rexd6 Nf5 27. Rxd8 Rxd8 28. Rxd8 Bxd8 29. Bc4 Bxa5 30. b4 Bb6 31. Kf1 Nd6 32. Bd3 Ne4 33. c4 Nxf2 34. Be2 Ne4 0-1